00675nam a22002057a 450000500170000001000130001702000220003003500130005203700160006504000120008108200130009310000330010624500990013926000460023827000510028430000290033549000370036465000390040165000290044020170124110052.0 aA-459690 c00.00a8170186591 aA-459690 bCen Lib/Ret aDPLbEN a881bCHA aChattopadhyaya, Harindranath aLotte, the power of love : cby Harindranath Chattopadhyayabthe life story of Lotte Nivelli / aDelhibB. R. Publishing Corporationc1991 a29/9, Nangia Park, Shakti NagarbDelhie110007 a211p. : c21cm(Hb)bill. aNew world literature series v37 aNeville, Lotte, -- 1906- -- Poetry aNivelli, Lotte, -- 1906-